Antecedentes y creación de la Universidad de Costa Rica /

Kaydedildi:
Detaylı Bibliyografya
Yazar: Molina, María
Diğer Yazarlar: Rodríguez Vega, Eugenio, Obregón Loría, Rafael
Materyal Türü: Metin
Baskı/Yayın Bilgisi: San José: Universidad de Costa Rica
Etiketler: Etiketle
Etiket eklenmemiş, İlk siz ekleyin!

MARC

LEADER 00000 a a2200000 04500
001 20412
003
040
090 |a 085300  
100 |a Molina, María  
245 |a Antecedentes y creación de la Universidad de Costa Rica /  |c María Molina 
260 |a San José:   |b Universidad de Costa Rica  
300 |a 39 p.  
700 |a Rodríguez Vega, Eugenio  
700 |a Obregón Loría, Rafael  
999 |c 11319  |d 11319